Yüklüyor......

Nammude Kalakal

Detaylı Bibliyografya
Yazar: Narayanan Kavumbayi
Baskı/Yayın Bilgisi: D C Books
LEADER 00186 a2200097 4500
020
260 |b D C Books 
942 |c BK  |6 _ 
245 |a Nammude Kalakal 
100 |a Narayanan Kavumbayi 
999 |c 65005  |d 65005